000 01481nam a2200325 i 4500
999 _c65580
_d65580
001 768714001
003 CO-MdFUSB
005 20200803125418.0
007 ta
008 200330t1994 xxu |||| |||| 00| 0 eng d
020 _a9780943575032
040 _aCO-MdFUSB
_bspa
_cCO-MdFUSB
_dCO-MdFUSBC
_erda
041 _aeng
082 _223
_a227.8707
_bL266
100 _aLane, William.
_eautor
245 1 _aHebrews :
_ba Call to Commitment.
_c/ William Lane
264 1 _a[Lugar de publicación no identificado] :
_bHendrickson Publishers,
_c[1994]
264 4 _c© 1994
300 _a184 pàginas
_c; 22 cm
336 _2rdacontent
_atexto
_btxt
337 _2rdamedia
_asin mediación
_bn
338 _2rdacarrier
_avolumen
_bnc
500 _aColección Dawn Christina Harrell
505 _aUn sermón en busca de un escenario - Nueva revelación (Hebreos 1: 1-2: 4) - La situación compartida (Hebreos 2: 5-18) - Una base para la fidelidad (Hebreos 3: 1-4: 14) - Una base para la confianza (Hebreos 4: 15-5: 10) - Peligro o promesa (Hebreos 5: 11-6: 20) - El Hijo de Dios, nuestro sacerdote (Hebreos 7: 1-28) - El Hijo de Dios , nuestro sacrificio (Hebreos 8: 1-9: 28) - Obediencia comprometida (Hebreos 10: 1-39) - Fe comprometida (Hebreos 11: 1-12: 3) - Peregrinación comprometida (Hebreos 12: 4-13 : 25).
563 _aRùstico
630 7 _aBiblia.
_pHebreos
_xCrítica, interpretación, etc.
942 _cBK
945 _aJTF-925
_bAEM-53